Statistics for General Secretaries of Chinese Communist Party

Click here to take the quiz!

General Stats

  • This quiz has been taken 99 times
  • The average score is 7 of 11

Answer Stats

Time of postPosition holder% Correct
19 June 1945 – 9 September 1976Mao Zedong
95%
15 November 2012 – presentXi Jinping
94%
15 November 2002 – 15 November 2012)Hu Jintao
86%
23 July 1989 – 15 November 2002)Jiang Zemin
71%
7 October 1976 – 28 June 1981Hua Guofeng
64%
1 July 1921 – 7 August 1927Chen Duxiu
56%
29 June 1981 – 15 January 1987Hu Yaobang
56%
15 January 1987 – 23 July 1989Zhao Ziyang
52%
24 July 1931 – January 1935Bo Gu
48%
January 1935 – 20 March 1943Zhang Wentian
48%
7 August 1927 – 24 July 1931Xiang Zhongfa
45%

Score Distribution

Percentile by Number Answered

Percent of People with Each Score

Your Score History

You have not taken this quiz